Responses for Show #8036 - Monday, July 15, 2019

Sam Kavanaugh game 4.

Contestants

[<< previous game]

Jeff Lasky, a journalist from San Diego, California

Christina Harcar, an audiobook seller from The Bronx, New York

Sam Kavanaugh, a teacher from Minneapolis, Minnesota (whose 3-day cash winnings total $75,601)

[next game >>]

Jeopardy! Round responses

3-WORD LITERARY TITLES
ORGANIZATIONS
KILLED OFF THE TV SHOW
RHYME TIME
I LOVE HORSES
THEY'RE MY FRIENDS
    $200 8
On the Road

Christina
    $200 26
lemonade

Jeff
    $200 3
Nashville

Jeff
    $200 9
(Jeff: What is a mouse's house?)

a mouse house

SamJeff
    $200 30
the groom

Jeff
    $200 17
Julius Caesar

Jeff
    $400 11
Crime and Punishment

Sam
    $400 24
the Better Business Bureau

Jeff
    $400 4
Grey's Anatomy

Jeff
    $400 20
a strange range

Sam
    $400 1
a canter

Sam
    $400 10
Who Wants To Be A Millionaire?

Christina
    $600 14
Waiting for Godot

Christina
    $4,400 22
the American Heart Association

Sam
    $600 5
Dallas

Jeff
    $600 21
tragic magic

Sam
    $600 2
the Clydesdales

Jeff
    $600 12
pigeons

Sam
    $800 15
Out of Africa

Christina
    $800 28
the League of Women Voters

Sam
    $800 6
Chef

Sam
    $800 23
the harbor barber

Triple Stumper
    $800 7
the Teamsters

Christina
    $800 13
(Jeff: Who is the Duke of Wellington?)

the Duke of Marlborough

ChristinaJeff
    $1000 16
(Christina: What is, um, The Little Prince?)

Little Lord Fauntleroy

Christina
Triple Stumper
    $1000 29
Feeding America

Triple Stumper
    $1000 27
Hank

Jeff
    $1000 25
a mug tug

Sam
    $1000 19
a Morgan

Triple Stumper
    $1000 18
the spoils system

Sam

Scores at the first commercial break (after clue 15):

Sam Christina Jeff
$2,400 $3,600 $800

Scores at the end of the Jeopardy! Round:

Sam Christina Jeff
$10,600 $2,600 $2,800

Double Jeopardy! Round responses

QUOTED IN BARTLETT'S
DOCUMENTARIES
GIVE ME 5-LETTER WORDS
SUPREME COURT CLERKS
ENCLAVES
"I" ON SCIENCE
    $400 21
"The Lumberjack Song"

Sam
    $400 12
Anne Frank

Christina
    $2,600 1
grail

Christina
    $400 15
(Ted) Cruz

Sam
    $400 6
(Sam: What is... Andorra?)
(Christina: What is... Spain?)

France

SamChristina
Triple Stumper
    $400 11
isotope

Christina
    $800 22
lipstick

Jeff
    $800 13
the Talking Heads

Christina
    $800 2
toxic

Sam
    $800 17
(Kenneth) Starr

Jeff
    $800 7
Indonesia

Sam
    $800 3
igneous

Sam
    $1200 23
Oscar Wilde

Christina
    $1200 14
Wild Wild Country

Triple Stumper
    $1200 24
prone

Sam
    $1200 18
(Christina: What is Attorney General?)

Solicitor General

ChristinaJeff
    $1200 8
San Marino and Vatican City

Sam
    $1200 4
insulators

Sam
    $1600 28
(Alan) Turing

Christina
    $1600 27
Sicko

Sam
    $1600 25
(Alex: Less than a minute now.)

the bough

Christina
    $1600 19
(Laura) Ingraham

Jeff
    $1600 9
the Swiss franc

Sam
    $11,000 5
in vitro

Sam
    $2000 30
(Jeff: What are trees?)

fascists

Jeff
Triple Stumper
    $2000 29
Nanook of the North

Christina
    $2000 26
exalt (or extol)

Christina
    $2000 20
Alger Hiss

Triple Stumper
    $2000 10
Congo

Triple Stumper
    $2000 16
infrared

Sam

Scores at the end of the Double Jeopardy! Round:

Sam Christina Jeff
$33,200 $13,600 $5,200
(lock game)

[wagering suggestions for these scores]

Final Jeopardy! Round responses

WOMEN AUTHORS
JeffWho is Rand
$5,199
ChristinaWho is Shirley Jackson?
$0
SamWho is Jackson?
$5,000
Shirley Jackson

Final scores:

Sam Christina Jeff
$38,200 $13,600 $1
4-day champion: $113,801 2nd place: $2,000 3rd place: $1,000

Game dynamics:

Coryat scores:

Sam Christina Jeff
$20,000 $11,400 $5,200
23 R
(including 2 DDs),
1 W
15 R
(including 1 DD),
3 W
13 R,
3 W

Combined Coryat: $36,600

[game clues] [game scores] [suggest correction]

Game tape date: 2019-03-30
The J! Archive is created by fans, for fans. Scraping, republication, monetization, and malicious use prohibited; this site may use cookies and collect identifying information. See terms. The Jeopardy! game show and all elements thereof, including but not limited to copyright and trademark thereto, are the property of Jeopardy Productions, Inc. and are protected under law. This website is not affiliated with, sponsored by, or operated by Jeopardy Productions, Inc. Join the discussion at JBoard.tv.